000
00295nam a22001337a 4500
008
181218b xxu||||| |||| 00| 0 eng d
020
_a
9780136007104
041
_a
eng
080
_2
6
_a
338
100
_a
54
101
_a
MAN
245
_a
Fundamentals Managemnt
_c
Robbins.
942
_2
udc
_c
BK
999
_c
53446
_d
53446